[Event "ch-NED Open"]
[Site "Dieren NED"]
[Date "2003.07.31"]
[Round "9"]
[White "Berendsen,R"]
[Black "Werle,J"]
[Result "0-1"]
[WhiteElo "2239"]
[BlackElo "2397"]

1.e4 c5 2.Nf3 d6 3.d4 cxd4 4.Nxd4 Nf6 5.Nc3 Nc6 6.Bg5 e6 7.Qd2 a6 8.O-O-O h6
9.Bf4 Bd7 10.Bxd6 Bxd6 11.Nxc6 Bxc6 12.Qxd6 Qxd6 13.Rxd6 Bxe4 14.Nxe4 Nxe4
15.Rb6 Nxf2 16.Rg1 O-O-O 17.Be2 Ne4 18.Bf3 Kc7 19.Rb4 Nd6 20.Re1 b5 21.a4 Kb6
22.axb5 axb5 23.Re5 Rc8 24.Rg4 g6 25.b3 Rhd8 26.Rd4 Nf5 27.Rxd8 Rxd8 28.Be2 Nd6
29.c3 Rc8 30.Kb2 Rc5 31.Re3 Kc7 32.Ka3 Nf5 33.Rf3 Re5 34.Bd3 Nd6 35.Kb4 Rg5
36.g3 e5 37.Re3 e4 38.Be2 Re5 39.c4 bxc4 40.bxc4 Nf5 41.Ra3 Nd4 42.Ra2 f5
43.Kc3 Nc6 44.Bd1 g5 45.Ra8 f4 46.gxf4 gxf4 47.Rh8 Ra5 48.Rh7+ Kb6 49.Rxh6 Ra1
50.Bg4 f3 51.Bd7 Rc1+ 52.Kd2 Rxc4 53.Ke3 Kc7 54.Bxc6 Rxc6 55.Rh7+ Kb6 56.Re7 Rf6
57.Kf2 Rf4 58.Re5 Kc6 59.Rh5 Kd6 60.h3 Rf8 61.Rh6+ Kd5 62.Rh5+ Kd4 63.Rh7 e3+
64.Kf1 e2+ 65.Kf2 Re8 66.Rd7+ Ke4 67.Ra7 Kf4 68.Rf7+ Kg5 69.Rg7+ Kh6 70.Rg1 Rd8  0-1

[Event "Open"]
[Site "Olomouc CZE"]
[Date "2003.08.01"]
[Round "3"]
[White "Kislov,M"]
[Black "Bures,Vi"]
[Result "1/2-1/2"]
[WhiteElo "2368"]
[BlackElo "2155"]

1.e4 c5 2.Nf3 d6 3.d4 cxd4 4.Nxd4 Nf6 5.Nc3 Nc6 6.Bg5 e6 7.Qd2 a6 8.Nb3 h6
9.Bf4 b5 10.O-O-O e5 11.Be3 Be6 12.f4 Be7 13.Bd3 Rc8 14.Kb1 Na5 15.f5 Nc4
16.Qe2 Nxe3 17.Qxe3 Bc4 18.Bxc4 Rxc4 19.Nd2 Rc5 20.Qd3 Qa8 21.Qf3 b4 22.Na4 Ra5
23.b3 O-O 24.Nb6 Qc6 25.Nd5 Nxd5 26.exd5 Rxd5 27.Ne4 Rxd1+ 28.Rxd1 Rc8 29.c4 bxc3
30.Kc2 f6 31.Qd3 Kh7 32.g4 d5 33.Qxd5 Qxd5 34.Rxd5 Bb4 35.Rd7 Kg8 36.h4 a5
37.g5 hxg5 38.hxg5 fxg5 39.f6 gxf6 40.Nxf6+ Kf8 41.Nh7+ Ke8 42.Nf6+ Kf8 43.Nh7+  1/2-1/2

[Event "Mid-American Open"]
[Site "Des Moines USA"]
[Date "2003.08.03"]
[Round "4"]
[White "Aldrich,D"]
[Black "Ellis,J"]
[Result "1/2-1/2"]
[WhiteElo "2222"]
[BlackElo "2150"]

1.e4 c5 2.Nf3 d6 3.d4 cxd4 4.Nxd4 Nf6 5.Nc3 Nc6 6.Bg5 e6 7.Bc4 Be7 8.Qd2 O-O
9.O-O-O a6 10.f4 Qc7 11.Bb3 Na5 12.Rhe1 b5 13.e5 dxe5 14.fxe5 b4 15.exf6 bxc3
16.Qf2 Nxb3+ 17.axb3 cxb2+ 18.Kxb2 Bb4 19.Bd2 Bc5 20.Be3 Bb4 21.Bd2 Bc5 22.Bf4 Qa5
23.Qg3 g6 24.Re5 Rd8 25.Rxc5 Qxc5 26.c3 e5 27.Bxe5 Bg4 28.Re1 Rac8 29.Re4 h5
30.h3 Bd1 31.Qe1 Rd5 32.Nf5 Bxb3 33.Ne7+ Kh7 34.Nxc8 Rd1 35.Qe2 Qxc8 36.Rd4 Qb7
37.Rb4 Qd5 38.Bd4 Qe6 39.Qxe6 Bxe6 40.Kc2 Rf1  1/2-1/2

[Event "HZ Open"]
[Site "Vlissingen NED"]
[Date "2003.08.03"]
[Round "3"]
[White "Spoelman,W"]
[Black "Mohandesi,S"]
[Result "1-0"]
[WhiteElo "2169"]
[BlackElo "2337"]

1.e4 c5 2.Nf3 Nc6 3.d4 cxd4 4.Nxd4 Nf6 5.Nc3 d6 6.Bg5 e6 7.Qd2 Be7 8.O-O-O O-O
9.f3 Nxd4 10.Qxd4 Qa5 11.h4 a6 12.Kb1 b5 13.g4 b4 14.Ne2 e5 15.Qd2 Be6 16.Nc1 Rfd8
17.Bxf6 Bxf6 18.g5 Be7 19.Bh3 Bxh3 20.Rxh3 Rac8 21.Rh2 Qb5 22.Nb3 a5 23.Qd5 Qxd5
24.Rxd5 a4 25.Na5 Rd7 26.b3 Rc3 27.Rd3 f6 28.gxf6 Bxf6 29.Nc4 Rxd3 30.cxd3 axb3
31.axb3 h5 32.Nb6 Rf7 33.Nd5 Bd8 34.Rh3 Rb7 35.Kc2 Kf7 36.d4 exd4 37.Kd3 Bb6
38.Rh2 Bc5 39.Ra2 g6 40.f4 Kg7 41.f5 gxf5 42.exf5 Rb8 43.Re2 Ra8 44.Re7+ Kf8
45.f6 Re8 46.Rh7 Re6 47.Rxh5 Re1 48.Rh8+ Kf7 49.Rh7+ Kg6 50.Rg7+ Kh6 51.Rg8 Rf1
52.Ke2 Rf5 53.Rh8+ Kg6 54.Ne7+ Kxf6 55.Nxf5 Kxf5 56.h5 Kg5 57.h6 Kg6 58.Kd3 Kh5
59.Ke4 Kg5 60.Rg8+ Kxh6 61.Rg3 Kh5 62.Kf5 Kh6 63.Rg2 Kh7 64.Kf6 d3 65.Rd2 Kg8
66.Ke7 d5+ 67.Ke6 d4 68.Rxd3 Kf8 69.Kd5 Be7 70.Rxd4 Ke8 71.Kc6 Bf8 72.Kb5 Be7
73.Rxb4 Bxb4 74.Kxb4 Kd7 75.Ka5 Kc7 76.Ka6 Kb8 77.b4 Ka8 78.b5 Kb8 79.Kb6  1-0

[Event "GM"]
[Site "Aarhus DEN"]
[Date "2003.08.04"]
[Round "9"]
[White "Dworakowska,J"]
[Black "Stefansson,H"]
[Result "1/2-1/2"]
[WhiteElo "2382"]
[BlackElo "2560"]

1.e4 c5 2.Nf3 d6 3.d4 cxd4 4.Nxd4 Nf6 5.Nc3 Nc6 6.Bg5 e6 7.Qd2 Be7 8.O-O-O Nxd4
9.Qxd4 a6 10.f3 Qc7  1/2-1/2

[Event "It"]
[Site "Kramatorsk UKR"]
[Date "2003.08.04"]
[Round "10"]
[White "Efimenko,Z"]
[Black "Andreev,Ed"]
[Result "1-0"]
[WhiteElo "2546"]
[BlackElo "2490"]

1.e4 c5 2.Nf3 d6 3.d4 cxd4 4.Nxd4 Nf6 5.Nc3 Nc6 6.Bg5 e6 7.Qd2 a6 8.O-O-O Bd7
9.f4 b5 10.Bxf6 gxf6 11.Kb1 b4 12.Nce2 Qb6 13.f5 Nxd4 14.Nxd4 e5 15.Nf3 h5
16.Bc4 Rc8 17.Qe2 a5 18.Rd5 Rc5 19.Nd2 a4 20.Nf1 Bc6 21.Ne3 Be7 22.Rhd1 a3
23.b3 Bxd5 24.Nxd5 Rxd5 25.Rxd5 Qg1+ 26.Rd1 Qc5 27.c3 bxc3 28.Kc2 Bd8 29.Kxc3 Ba5+
30.Kc2 Bb6 31.Qd2 Ke7 32.Qd5 Qxd5 33.Rxd5 Rg8 34.g3 Kd7 35.Rd3 Rc8 36.Rc3 Ke7
37.Be2 Rh8 38.b4 h4 39.Rxa3 hxg3 40.hxg3 Rh2 41.Kd2 Rh1 42.Ra6 Bd4 43.Bc4 Rh2+
44.Kd3 Rh3 45.Bd5 Rxg3+ 46.Kc4 Rg8 47.Ra8 Rg2 48.Bc6 Rc2+ 49.Kd5  1-0

[Event "It"]
[Site "Kramatorsk UKR"]
[Date "2003.08.04"]
[Round "10"]
[White "Arzumanian,G"]
[Black "Kuzmin,Ge"]
[Result "1-0"]
[WhiteElo "2418"]
[BlackElo "2516"]

1.e4 c5 2.Nf3 Nc6 3.d4 cxd4 4.Nxd4 Nf6 5.Nc3 d6 6.Bg5 e6 7.Qd2 a6 8.O-O-O h6
9.Nxc6 bxc6 10.Bf4 d5 11.Qe3 Qe7 12.exd5 cxd5 13.Be2 Bb7 14.Qg3 Rc8 15.Rhe1 Qc5
16.Bf3 h5 17.Be5 Rh6 18.Bd4 Qc4 19.Bxf6 Rxf6 20.Bxd5 Bxd5 21.Rxd5 h4 22.Qe3 Bc5
23.Qe4 Bxf2 24.Re2 Bg1 25.Rd1 Bxh2 26.Qh7 Be5 27.Rxe5  1-0

[Event "WYol u16"]
[Site "Denizli TUR"]
[Date "2003.08.05"]
[Round "3"]
[White "Balogh,C"]
[Black "Kononenko,Dmitry1"]
[Result "1-0"]
[WhiteElo "2463"]
[BlackElo "2449"]

1.e4 c5 2.Nf3 d6 3.d4 cxd4 4.Nxd4 Nf6 5.Nc3 Nc6 6.Bg5 e6 7.Qd2 a6 8.O-O-O h6
9.Be3 Qc7 10.f3 Rb8 11.Kb1 b5 12.Nxc6 Qxc6 13.Ne2 Be7 14.Nd4 Qc7 15.g4 d5
16.e5 Nd7 17.f4 Nc5 18.Bd3 Ne4 19.Bxe4 dxe4 20.f5 Bd7 21.Bf4 Bc5 22.Qe2 Bxd4
23.Rxd4 Bc6 24.Rd6 Qc8 25.f6 g6 26.Rhd1 Bd5 27.Qe3 Qb7 28.Bxh6 Rd8 29.Rxd8+ Kxd8
30.h4 Kc7 31.h5 gxh5 32.gxh5 Qb6 33.Qxb6+ Kxb6 34.Be3+ Kc6 35.h6 Kd7 36.Rg1 Ke8
37.Rg7 Bc4 38.h7 Kd7 39.Rxf7+ Kc6 40.Rg7 Kd5  1-0

[Event "Open"]
[Site "Olomouc CZE"]
[Date "2003.08.05"]
[Round "7"]
[White "Simacek,P"]
[Black "Furman,B"]
[Result "1-0"]
[WhiteElo "2437"]
[BlackElo "2312"]

1.e4 c5 2.Nf3 Nc6 3.d4 cxd4 4.Nxd4 Nf6 5.Nc3 d6 6.Bg5 e6 7.Qd2 Be7 8.O-O-O O-O
9.f4 h6 10.Bh4 e5 11.Nf5 Bxf5 12.exf5 exf4 13.Kb1 d5 14.Bxf6 Bxf6 15.Nxd5 Be5
16.c3 Qg5 17.Bd3 Rad8 18.Be4 Rd6 19.Qc2 Qd8 20.g3 fxg3 21.hxg3 Ne7 22.Ne3 Rxd1+
23.Rxd1 Qc7 24.Ng4 Nc6 25.f6 Rd8 26.Rh1 Bxf6 27.Nxf6+ gxf6 28.Qc1 Kf8 29.Qxh6+ Ke7
30.Bxc6 Qxc6 31.Re1+ Kd7 32.Rd1+ Kc8 33.Rxd8+ Kxd8 34.Qf8+ Kc7 35.Qxf7+ Kb6
36.Qb3+ Kc7 37.Qf7+ Kb6 38.a3 Qe4+ 39.Ka2 Qe5 40.Qb3+ Kc6 41.Qc4+ Kd6 42.Qc8 Qe4
43.c4 f5 44.Qb8+ Kc6 45.Qc8+ Kd6 46.Qf8+ Kc6 47.Qb4 b6 48.Qc3 a5 49.Qb3 Qe5
50.Qf3+ Kc5 51.Kb3 b5 52.Qf2+ Kc6 53.Qf3+ Kc5 54.cxb5 Kxb5 55.Qb7+ Kc5 56.Ka4 Qe8+
57.Kxa5 Qd8+ 58.Ka4 Qe8+ 59.Ka5 Qd8+ 60.Ka4 Qe8+ 61.Kb3 Qg8+ 62.Kc2 Qc4+
63.Kb1 Qd3+ 64.Ka1 Qf1+ 65.Ka2 Kd4 66.Qb3 Ke4 67.a4  1-0

[Event "HZ Open"]
[Site "Vlissingen NED"]
[Date "2003.08.05"]
[Round "5"]
[White "Medvegy,N"]
[Black "Plukkel,S"]
[Result "1-0"]
[WhiteElo "2354"]
[BlackElo "2158"]

1.e4 c5 2.Nf3 d6 3.d4 cxd4 4.Nxd4 Nf6 5.Nc3 Nc6 6.Bg5 e6 7.Qd2 Be7 8.O-O-O O-O
9.f4 Nxd4 10.Qxd4 Qa5 11.Bc4 Bd7 12.e5 dxe5 13.fxe5 Bc6 14.Bd2 Nd7 15.Nd5 Qd8
16.Nxe7+ Qxe7 17.Rhe1 Rfd8 18.Qg4 Nf8 19.Bd3 Rxd3 20.cxd3 a5 21.Kb1 Qd7 22.Re3 Bb5
23.Bc3 Qd5 24.h4 Nd7 25.h5 Bc6 26.Rg3 g6 27.Rh1 Nf8 28.Qf4 Qd8 29.Bd2 Be8
30.Rf3 Qe7 31.Qh6 Nd7 32.d4 Qf8 33.hxg6 Qxh6 34.gxf7+ Bxf7 35.Bxh6 Nb6 36.Rhf1 Bg6+
37.Kc1 Nd7 38.Kd2 Rc8 39.Ke3 Kh8 40.g4 Rg8 41.Rc1 Nb6 42.Kd2 Be4 43.Rf8 Rxf8
44.Bxf8 Kg8 45.Bh6 Kf7 46.Rf1+ Ke7 47.Bg5+ Ke8 48.Rf6 Bd5 49.Rh6 Kf7 50.Rf6+ Ke8
51.b3 a4 52.Kc3 axb3 53.axb3 Nd7 54.Rf2 Nb6 55.Kb4 Nd7 56.Bc1 Ke7 57.Ba3 Be4
58.Kc3+ Ke8 59.Bc5 Bd5 60.Bd6 Be4 61.Rf4 Bg6 62.d5 Bf7 63.Rb4 b6 64.Ra4  1-0

[Event "HZ Open"]
[Site "Vlissingen NED"]
[Date "2003.08.05"]
[Round "5"]
[White "Doggers,P"]
[Black "Mohandesi,S"]
[Result "0-1"]
[WhiteElo "2189"]
[BlackElo "2337"]

1.e4 c5 2.Nf3 Nc6 3.d4 cxd4 4.Nxd4 Nf6 5.Nc3 d6 6.Bg5 e6 7.Qd2 a6 8.O-O-O Bd7
9.f3 Be7 10.h4 h5 11.Kb1 Qc7 12.Nxc6 Bxc6 13.Bd3 O-O-O 14.Rhe1 Kb8 15.Qf2 Rc8
16.Be3 Nd7 17.Nd5 exd5 18.exd5 Bxd5 19.Ba7+ Ka8 20.Rxe7 Be6 21.Be4 Rhd8 22.Bd4 d5
23.Bg6 Qd6 24.Rxf7 Bxf7 25.Bxf7 g6 26.Be3 Nf6 27.Bg5 Rf8 28.Bxg6 Ng4 29.Qe2 Qxg6
30.fxg4 hxg4 31.Rxd5 g3 32.Qd1 Rf2 33.Rd8 Rxc2  0-1

[Event "WYol u16"]
[Site "Denizli TUR"]
[Date "2003.08.06"]
[Round "5"]
[White "Smirnov,I UKR"]
[Black "Rohit,G"]
[Result "1-0"]
[WhiteElo "2451"]
[BlackElo "2397"]

1.e4 c5 2.Nf3 d6 3.d4 cxd4 4.Nxd4 Nf6 5.Nc3 Nc6 6.Bg5 e6 7.Qd2 a6 8.O-O-O h6
9.Be3 Bd7 10.f4 Qc7 11.Kb1 Na5 12.Nb3 Bc6 13.Bd3 b5 14.e5 Nxb3 15.cxb3 dxe5
16.fxe5 Qxe5 17.Rhe1 Qc7 18.Bf4 Qb7 19.Rxe6+ Be7 20.Re3 b4 21.Rde1 bxc3 22.Rxe7+ Qxe7
23.Rxe7+ Kxe7 24.Qe3+ Kd8 25.Qb6+  1-0

[Event "WYol u16"]
[Site "Denizli TUR"]
[Date "2003.08.06"]
[Round "5"]
[White "Balogh,C"]
[Black "Gerzhoy,L"]
[Result "1/2-1/2"]
[WhiteElo "2463"]
[BlackElo "2410"]

1.e4 c5 2.Nf3 d6 3.d4 cxd4 4.Nxd4 Nf6 5.Nc3 Nc6 6.Bg5 Qb6 7.Nb3 e6 8.Qe2 Be7
9.O-O-O O-O 10.g4 a6 11.Be3 Qc7 12.g5 Nd7 13.f4 b5 14.Qf2 Bb7 15.Bg2 Na5
16.Nxa5 Qxa5 17.Kb1 Rac8 18.e5 Bxg2 19.Qxg2 d5 20.Rd3 Rc4 21.Rc1 Rfc8 22.Bd4 b4
23.Ne2 Qc7 24.Ng3 Bc5 25.Qd2 Qb6 26.Ne2 Bxd4 27.Rxd4 a5 28.c3 bxc3 29.Rxc3 Rxc3
30.Nxc3 Nc5 31.Qd1 Rb8 32.Qd2 Qa6 33.Qe2 Qb6 34.Qd2 Qa6 35.Qe2 Qb6  1/2-1/2

[Event "IM"]
[Site "Niederbronn FRA"]
[Date "2003.08.07"]
[Round "6"]
[White "Netzer,J"]
[Black "Milliet,S"]
[Result "1/2-1/2"]
[WhiteElo "2268"]
[BlackElo "2275"]

1.e4 c5 2.Nf3 d6 3.d4 cxd4 4.Nxd4 Nf6 5.Nc3 Nc6 6.Bg5 Qb6 7.Nb3 e6 8.Be2 Be7
9.O-O O-O 10.Be3 Qc7 11.f4 a6 12.a4 b6 13.g4 Na5 14.g5 Nd7 15.Nd2 Bb7 16.Bd3 d5
17.exd5 Bc5 18.Bxc5 Qxc5+ 19.Kh1 exd5 20.Nf3 f5 21.Ne2 d4 22.Kg1 Nc6 23.Qe1 Rae8
24.Qf2 Re3 25.b4 Nxb4 26.Nexd4 Rfe8 27.Rae1 Nxd3 28.cxd3 Rxe1 29.Rxe1 Rxe1+
30.Qxe1 Nf8 31.Kf1 Qa3 32.Ne5 Qxa4 33.Qc3 Bd5 34.Ke1 g6 35.Ndc6 Bxc6 36.Nxc6 Nd7
37.d4 a5 38.Ne5 Nf8 39.h4 Qa2 40.Qc7 Qb3 41.Kd2 a4 42.Qb7 Qb2+ 43.Kd3 Qb3+  1/2-1/2

[Event "WYol u16"]
[Site "Denizli TUR"]
[Date "2003.08.08"]
[Round "7"]
[White "Lanin,A"]
[Black "Kononenko,Dmitry1"]
[Result "0-1"]
[WhiteElo "2313"]
[BlackElo "2449"]

1.e4 c5 2.Nf3 Nc6 3.d4 cxd4 4.Nxd4 Nf6 5.Nc3 d6 6.Bg5 e6 7.Qd2 a6 8.O-O-O h6
9.Bf4 Bd7 10.Nxc6 Bxc6 11.f3 d5 12.Qe1 Bb4 13.a3 Ba5 14.b4 Bb6 15.exd5 Bxd5
16.Be5 O-O 17.Qh4 a5 18.Bxf6 Qxf6 19.Qxf6 gxf6 20.b5 Rfd8 21.Na4 Be3+ 22.Kb2 e5
23.Rd3 Bf2 24.Rd2 Be3 25.Rd3 Bd4+ 26.c3 Ba7 27.c4 Be6 28.b6 Bd7 29.Rxd7 Rxd7
30.bxa7 Rd1 31.Nc3 Re1 32.Nb5 f5 33.g4 e4 34.fxe4 f4 35.Kb3 f3 36.c5 f2 37.Ka4 Rxe4+
38.Kxa5 Rxg4 39.Bg2 Rxg2 40.Rf1 Rg6 41.Rxf2 Rc6 42.Kb4 Kg7 43.Rd2 b6 44.cxb6 Rxb6
45.Rd7 Kg6 46.Kc5 Ra6 47.Rb7 f6 48.Rb8 R6xa7 49.Nxa7 Rxb8 50.a4 f5 51.Kd4  0-1

[Event "ch-AUT"]
[Site "Hartberg AUT"]
[Date "2003.08.09"]
[Round "14"]
[White "Freitag,M"]
[Black "Wittmann,W"]
[Result "1/2-1/2"]
[WhiteElo "2393"]
[BlackElo "2359"]

1.e4 c5 2.Nf3 d6 3.d4 cxd4 4.Nxd4 Nf6 5.Nc3 Nc6 6.Bg5 e6 7.Qd2 Be7 8.O-O-O Nxd4
9.Qxd4 O-O 10.f4 Qa5 11.e5 dxe5 12.Qxe5 Qxe5 13.fxe5 Nd5 14.Bxe7 Nxe7 15.Bd3 Nc6
16.Rhe1 Rb8 17.Nb5 a6 18.Nd6 Nb4 19.Bc4 b5 20.Bb3 Nc6 21.a3 Rd8 22.Rd3 Bd7
23.Rf3 Be8 24.Rc3 Bd7 25.Rc5 Na5 26.Rd1 Bc6 27.Bxe6 fxe6 28.b4 Bxg2 29.bxa5 Rd7
30.Rd2 Bh1 31.Rf2 h6 32.Kd2 b4 33.axb4 Rxb4 34.Ke3 Kh7 35.c4 Ra4 36.Kd4 Ra1
37.Rc8 Rxa5 38.Re8 Ra1 39.Rxe6 a5 40.Kc3 a4 41.Kb2 Re1 42.Ka3 Bc6 43.Nb5 Bxb5
44.cxb5 Rd4 45.Rd6 Re3+ 46.Ka2 Rb4 47.Rd5  1/2-1/2

[Event "World Youth Stars"]
[Site "Kirishi RUS"]
[Date "2003.08.09"]
[Round "7"]
[White "Nguyen Viet Tuong"]
[Black "Bogosavljevic,B"]
[Result "1-0"]
[WhiteElo "2119"]
[BlackElo "2232"]

1.e4 c5 2.Nf3 Nc6 3.d4 cxd4 4.Nxd4 Nf6 5.Nc3 d6 6.Bg5 Qb6 7.Nb3 e6 8.Be2 a6
9.O-O Be7 10.Kh1 Qc7 11.a4 b6 12.Be3 Bb7 13.f4 O-O 14.Bf3 Rac8 15.Qe2 Nb4
16.Qf2 Nd7 17.Nd4 Bf6 18.Rac1 Rfe8 19.Rfd1 Qb8 20.e5 dxe5 21.Nxe6 Re7 22.Bg4 Bc6
23.Ng5 Rce8 24.Bxd7 Rxd7 25.Nge4 Bd8 26.Rxd7 Bxd7 27.f5 Bc6 28.Rd1 Qa8 29.Nd6 Rf8
30.Rd2 Qb8 31.Qg3 Be7 32.Bh6 g6 33.Qxe5  1-0

[Event "IM"]
[Site "Niederbronn FRA"]
[Date "2003.08.10"]
[Round "9"]
[White "Netzer,J"]
[Black "Rau,H"]
[Result "1-0"]
[WhiteElo "2268"]
[BlackElo "2388"]

1.e4 c5 2.Nf3 d6 3.d4 cxd4 4.Nxd4 Nf6 5.Nc3 Nc6 6.Bg5 e6 7.Qd2 a6 8.O-O-O h6
9.Nxc6 bxc6 10.Bf4 d5 11.Qe3 Qa5 12.Be2 dxe4 13.Bc4 Qf5 14.g4 Nxg4 15.Qb6 Qxf4+
16.Kb1 Bd7 17.Rxd7 Kxd7 18.Qb7+ Qc7 19.Rd1+ Bd6 20.Rxd6+ Kxd6 21.Nxe4+ Kd7
22.Nc5+ Kd6 23.Ne4+ Kd7 24.Nc5+ Kd8 25.Qxa8+ Qc8 26.Qa7 Rf8 27.Bxa6 Qc7 28.Nb7+ Ke8
29.Qc5 Qe5 30.Qxc6+ Ke7 31.a4 Nxf2 32.Bb5 f5 33.Nc5 Qe1+ 34.Ka2 Rf7 35.Bc4 Kf6
36.Nxe6 Qh1 37.Qb6 Qxh2 38.Nd4+ Ke7 39.Qe6+ Kd8 40.Qxf7 Qd6 41.Ne6+ Kc8 42.Ba6+  1-0

[Event "Independence Cup"]
[Site "Kyiv UKR"]
[Date "2003.08.16"]
[Round "4"]
[White "Zubov,A UKR"]
[Black "Boroday,S"]
[Result "1-0"]
[WhiteElo "2507"]
[BlackElo "2395"]

1.e4 c5 2.Nf3 d6 3.d4 cxd4 4.Nxd4 Nf6 5.Nc3 Nc6 6.Bg5 a6 7.Qd2 e5 8.Nf5 Bxf5
9.exf5 Be7 10.O-O-O Nd4 11.Bd3 Rc8 12.Kb1 h6 13.Bxf6 Bxf6 14.Nd5 Rc5 15.Be4 Qd7
16.c3 Nxf5 17.b4 Rb5 18.a4 Rxd5 19.Qxd5 O-O 20.a5 Rc8 21.Kb2 Rc7 22.g4 Nh4
23.Qxd6 Qc8 24.Rd3 Ng6 25.Rhd1 Be7 26.Qxe7 Rxe7 27.Rd8+ Qxd8 28.Rxd8+ Nf8
29.Rb8 g6 30.Bxb7 f5 31.b5  1-0

[Event "14th Sommerpokal"]
[Site "Recklinghausen GER"]
[Date "2003.08.19"]
[Round "2"]
[White "Kummerow,H"]
[Black "Kloss,D"]
[Result "1-0"]
[WhiteElo "2307"]
[BlackElo "2100"]

1.e4 c5 2.Nf3 Nc6 3.d4 cxd4 4.Nxd4 Nf6 5.Nc3 d6 6.Bg5 Qb6 7.Nb3 Bg4 8.Qd2 h6
9.Be3 Qd8 10.f3 Be6 11.O-O-O Bxb3 12.cxb3 Rc8 13.Kb1 g6 14.Nd5 Nd7 15.Bxa7 e6
16.Nc3 Bg7 17.Be3 Qa5 18.Nb5 Nb4 19.Nxd6+ Kf8 20.a3 Rc2 21.Qxb4 Rxb2+ 22.Kc1 Nc5
23.Bxc5  1-0

[Event "XI Open A"]
[Site "Mislata ESP"]
[Date "2003.08.20"]
[Round "2"]
[White "Castella,F"]
[Black "Hernandez,Gi"]
[Result "1-0"]
[WhiteElo "2302"]
[BlackElo "2556"]

1.e4 c5 2.Nf3 d6 3.d4 cxd4 4.Nxd4 Nf6 5.Nc3 Nc6 6.Bg5 Qb6 7.Nb3 e6 8.Qd2 a6
9.O-O-O Be7 10.f3 Qc7 11.h4 h5 12.Kb1 Rb8 13.Bxf6 gxf6 14.f4 b5 15.Rh3 b4
16.Ne2 Bb7 17.Ned4 Qb6 18.Bd3 Rc8 19.Qe2 Nxd4 20.Nxd4 Kf8 21.Bc4 Ke8 22.Bb3 Rc5
23.Qe3 Qc7 24.Rg3 Qc8 25.Rg7 d5 26.Qg3 Kf8 27.f5 Bd6 28.Qxd6+ Kxg7 29.fxe6 Qc7
30.Nf5+ Kg6 31.exf7 Qxd6 32.Nxd6 Ba8 33.exd5 Rc7 34.Rd3 Rd7 35.Rg3+ Kh7 36.Nf5 Rxf7
37.c4 bxc3 38.Bc2 Rhf8 39.bxc3 Rb8+ 40.Kc1 Kh8 41.c4 Rc7 42.Ne3 Bb7 43.Kd2 a5
44.Rg6 Ba6 45.Kc3 Re8 46.Kd4 Rxe3 47.Kxe3 Bxc4 48.Bb3 Bb5 49.d6 Rc5 50.Rxf6 a4
51.Be6 Kg7 52.Rf7+ Kg6 53.Rf4 Rc3+ 54.Kd4 Rc2 55.Bf5+  1-0

[Event "Open"]
[Site "Vienna AUT"]
[Date "2003.08.20"]
[Round "5"]
[White "Sprenger,J"]
[Black "Wittmann,W"]
[Result "1/2-1/2"]
[WhiteElo "2492"]
[BlackElo "2359"]

1.e4 c5 2.Nf3 d6 3.d4 cxd4 4.Nxd4 Nf6 5.Nc3 Nc6 6.Bg5 e6 7.Qd2 Be7 8.O-O-O Nxd4
9.Qxd4 O-O 10.f4 Qa5 11.Bc4 Bd7 12.e5 dxe5 13.fxe5 Bc6 14.Bd2 Nd7 15.Nd5 Qd8
16.Nxe7+ Qxe7 17.Rhe1 Rfd8 18.Qg4 Nf8 19.Bd3 Rd5 20.Bb4 Qd8 21.Bd6 Ng6 22.Bxg6 hxg6
23.h4 Qb6  1/2-1/2

[Event "Jezero Open"]
[Site "Belgrade YUG"]
[Date "2003.08.22"]
[Round "9"]
[White "Raspopovic,S"]
[Black "Jovanovic,ST"]
[Result "0-1"]
[WhiteElo "2078"]
[BlackElo "2306"]

1.e4 c5 2.Nf3 d6 3.d4 cxd4 4.Nxd4 Nf6 5.Nc3 Nc6 6.Bg5 e6 7.Qd2 Be7 8.O-O-O Nxd4
9.Qxd4 O-O 10.f4 h6 11.Bh4 a6 12.Kb1 Qa5 13.e5 dxe5 14.Qxe5 Qb6 15.h3 Re8
16.g4 Nd7 17.Qe1 Ba3 18.b3 Nf8 19.Bg2 Bd7 20.Ne4 Bc6 21.Rg1 Bb4 22.Qe2 Ng6
23.Bg3 e5 24.fxe5 Nxe5 25.Bf2 Qa5 26.Bd4 Ng6 27.Rgf1 Re7 28.Qf2 Kh7 29.Ng3 Bxg2
30.Qxg2 Nh4 31.Qf2 Bc3 32.Bxc3 Qxc3 33.Nf5 Nxf5 34.Qxf5+ g6 35.Qd3 Rc8 36.Rf3 Qe5
37.Rdf1 Rcc7 38.Qd2 Kg7 39.Rd3 Qe2 40.Rf2 Qe4 41.Kb2 b5 42.c3 a5 43.Rd4 Qe3
44.Rd3 Qe4 45.Rd4 Qe3 46.Rd3 Qa7 47.Qf4 Re6 48.Rfd2 a4 49.Qd4+ Qxd4 50.Rxd4 Ra6
51.bxa4 bxa4 52.R2d3 Kf6 53.Rb4 Kg5 54.Ka3 Rac6 55.Kxa4 Rxc3 56.Rb3 Ra7+
57.Kb4 Rxd3 58.Rxd3 Rxa2 59.Rf3 f6 60.Kc3 Ra6 61.Kc4 Ra4+ 62.Kd5 Rf4 63.Rb3 f5
64.gxf5 Rxf5+ 65.Ke4 Kh4 66.Rc3 Rf1 67.Re3 g5 68.Rd3 h5 69.Rc3 Rf4+ 70.Ke5 Rf8
71.Ke4 g4  0-1

[Event "ADCF Masters"]
[Site "Abu Dhabi UAE"]
[Date "2003.08.25"]
[Round "9"]
[White "El Arousy,A"]
[Black "Bakre,T"]
[Result "1-0"]
[WhiteElo "2315"]
[BlackElo "2434"]

1.e4 c5 2.Nf3 d6 3.d4 cxd4 4.Nxd4 Nf6 5.Nc3 Nc6 6.Bg5 a6 7.Qd2 Nxd4 8.Qxd4 Qa5
9.Bd2 e5 10.Qd3 Qc7 11.Bg5 Be6 12.Bxf6 gxf6 13.O-O-O Rc8 14.Kb1 Qc5 15.f4 exf4
16.Nd5 f5 17.Nxf4 Qe5 18.Nxe6 fxe6 19.Qb3 fxe4 20.Qxb7 Rc5 21.Bxa6 Bg7 22.Rhf1 Rf8
23.Qb8+ Ke7 24.Rxf8 Bxf8 25.Rf1 Qg7 26.Qb7+ Ke8 27.Bb5+  1-0

[Event "Acropolis Open"]
[Site "Athens GRE"]
[Date "2003.08.25"]
[Round "1"]
[White "Tziallilas,K"]
[Black "Gershon,A"]
[Result "0-1"]
[WhiteElo "2141"]
[BlackElo "2510"]

1.e4 c5 2.Nf3 d6 3.d4 Nf6 4.Nc3 cxd4 5.Nxd4 Nc6 6.Bg5 e6 7.Qd2 Qb6 8.O-O-O a6
9.f4 Qxd4 10.Qxd4 Nxd4 11.Rxd4 Be7 12.Be2 Bd7 13.Rhd1 Bc6 14.Bf3 h6 15.Bh4 g5
16.fxg5 Nd7 17.Nd5 Bxd5 18.exd5 e5 19.Rg4 hxg5 20.Bxg5 Rxh2 21.Bxe7 Kxe7
22.Rb4 Nc5 23.Rg4 f5 24.Rg3 Kf6 25.b4 Na4 26.Kd2 Rc8 27.Be2 f4 28.Rf1 Nb6
29.Bd3 Nxd5 30.Be4 Ne7 31.Bxb7 Rb8 32.Bxa6 Rxb4 33.Kc3 Ra4 34.Bc4 Nf5  0-1

[Event "Acropolis Open"]
[Site "Athens GRE"]
[Date "2003.08.28"]
[Round "4"]
[White "Spiropoulos,P"]
[Black "Ignatiadis,K"]
[Result "0-1"]
[WhiteElo "2152"]
[BlackElo "2258"]

1.e4 c5 2.Nf3 Nc6 3.d4 cxd4 4.Nxd4 Nf6 5.Nc3 d6 6.Bg5 Bd7 7.Be2 Qb6 8.Ndb5 Qa5
9.Qd2 a6 10.Na3 b5 11.Bxf6 gxf6 12.Nd5 Qxd2+ 13.Kxd2 Rc8 14.f4 h5 15.c3 Bg7
16.Nc2 e6 17.Nde3 Ke7 18.a4 Rb8 19.axb5 axb5 20.Ra6 Bh6 21.g3 h4 22.Rf1 hxg3
23.hxg3 Bg7 24.Bf3 Rh2+ 25.Kd3 b4 26.Nc4 bxc3 27.e5 d5 28.exf6+ Bxf6 29.N4a3 cxb2
30.Be2 Rb3+  0-1

[Event "XI Open A"]
[Site "Mislata ESP"]
[Date "2003.08.28"]
[Round "9"]
[White "Castellanos,R"]
[Black "Alonso,S"]
[Result "1-0"]
[WhiteElo "2489"]
[BlackElo "2474"]

1.e4 c5 2.Nf3 d6 3.d4 cxd4 4.Nxd4 Nf6 5.Nc3 Nc6 6.Bg5 e6 7.Qd2 Be7 8.O-O-O O-O
9.f3 a6 10.h4 Nxd4 11.Qxd4 Qc7 12.Kb1 b5 13.Qd2 Rd8 14.Ne2 Rb8 15.g4 b4 16.Nd4 a5
17.Be3 e5 18.Nb5 Qb7 19.c4 bxc3 20.Nxc3 Be6 21.g5 Nh5 22.Bh3 Rdc8 23.Nd5 Bd8
24.Rh2 Rc4 25.Qd3 Rbc8 26.Qa3 Qc6 27.Nc3 Qb7 28.Qxd6 Bc7 29.Qa3 Bxh3 30.Rxh3 Bb6
31.Nd5 Bxe3 32.Nxe3 R4c7 33.Nd5 Rc5 34.Rh2 Kh8 35.Rhd2 h6 36.Qe3 Kh7 37.a3 Qa6
38.f4 Nxf4 39.Nxf4 exf4 40.Qxf4 Qg6 41.gxh6 Re8 42.Rd4 Rce5 43.hxg7 Rxe4
44.h5 Qg2 45.Qxf7  1-0

[Event "ch-FRA"]
[Site "Aix les Bains FRA"]
[Date "2003.08.29"]
[Round "11"]
[White "Bauer,Ch"]
[Black "Chabanon,JL"]
[Result "1-0"]
[WhiteElo "2589"]
[BlackElo "2498"]

1.e4 c5 2.Nf3 d6 3.d4 cxd4 4.Nxd4 Nf6 5.Nc3 Nc6 6.Bg5 e6 7.Qd2 a6 8.O-O-O h6
9.Nxc6 bxc6 10.Bf4 d5 11.Qe3 Be7 12.Be2 Nd7 13.h4 O-O 14.exd5 cxd5 15.Bxh6 Bf6
16.Bg5 Rb8 17.Bxf6 Qxf6 18.Rd4 Bb7 19.Rhd1 Rfc8 20.Rg4 Kf8 21.g3 Rc6 22.Qd4 Qh6+
23.Qf4 Qh8 24.Qb4+ Ke8 25.Qd4 f6 26.Re1 e5 27.Qxd5 Rb6 28.Qd3 Rxb2 29.Qg6+ Kd8
30.Qxg7 Qxg7 31.Rxg7 Bc6 32.Rd1 R2b4 33.Bg4 Rxg4 34.Rxg4 Ke7 35.Rg7+ Ke6
36.Ne4 Bxe4 37.Rdxd7 Kf5 38.Rd6  1-0

[Event "ch-ISL"]
[Site "Hafnarborg ISL"]
[Date "2003.08.30"]
[Round "7"]
[White "Gunnarsson,J"]
[Black "Thorhallsson,T"]
[Result "1/2-1/2"]
[WhiteElo "2411"]
[BlackElo "2444"]

1.e4 c5 2.Nf3 d6 3.d4 cxd4 4.Nxd4 Nf6 5.Nc3 Nc6 6.Bg5 Qb6 7.Nb3 e6 8.Bxf6 gxf6
9.Qh5 Bd7 10.Bd3 Be7 11.O-O Ne5 12.Kh1 a5 13.Rab1 a4 14.Nd2 Qc5 15.Qe2 O-O
16.f4 Nxd3 17.cxd3 Kh8 18.Nf3 Rfc8 19.a3 Qh5 20.d4  1/2-1/2

[Event "1st League TCh-SCG"]
[Site "Budva SCG"]
[Date "2003.08.31"]
[Round "3"]
[White "Pikula,D"]
[Black "Vuckovic,Bo"]
[Result "1-0"]
[WhiteElo "2489"]
[BlackElo "2507"]

1.e4 c5 2.Nf3 d6 3.d4 cxd4 4.Nxd4 Nf6 5.Nc3 Nc6 6.Bg5 e6 7.Qd2 a6 8.O-O-O Bd7
9.f3 h6 10.Be3 b5 11.Nxc6 Bxc6 12.Ne2 Qc7 13.Nd4 Bb7 14.g4 Rc8 15.g5 hxg5
16.Bxg5 Be7 17.Bd3 d5 18.e5 Ng8 19.Bxe7 Nxe7 20.Qg5 g6 21.Qf6 Rf8 22.Rhg1 Bc6
23.h4 Bd7 24.h5 gxh5 25.Rg7 Qc5 26.Bh7 b4 27.f4 a5 28.f5 exf5 29.e6 Bxe6
30.Re1 Kd7 31.Rxe6 fxe6 32.Qxe6+ Kd8 33.Qe5 Rc6 34.Nxc6+ Nxc6 35.Qc7+  1-0

[Event "European GP"]
[Site "Izmir TUR"]
[Date "2003.08.31"]
[Round "6"]
[White "Erturan,Y"]
[Black "Ermenkov,E"]
[Result "0-1"]
[WhiteElo "2269"]
[BlackElo "2474"]

1.e4 c5 2.Nf3 d6 3.d4 Nf6 4.Nc3 cxd4 5.Nxd4 Nc6 6.Bg5 e6 7.Qd2 a6 8.O-O-O Bd7
9.f4 h6 10.Bxf6 Qxf6 11.Nxc6 Bxc6 12.Kb1 g5 13.g3 O-O-O 14.Bg2 gxf4 15.Rhf1 Bg7
16.gxf4 Rhg8 17.Qe3 Qe7 18.Bh3 Kb8 19.Ne2 Qh4 20.Nd4 Bd7 21.Rd3 Qh5 22.Rfd1 Qc5
23.Ne2 Qxe3 24.Rxe3 Kc7 25.Rg3 Bf6 26.Rxg8 Rxg8 27.Ng3 Bh4 28.Rd3 Bc6 29.Re3 Kd8
30.c4 a5 31.Kc2 a4 32.Kd3 Ke7 33.Bf1 Bf6 34.Re2 b5 35.b3 bxc4+ 36.bxc4 Rb8
37.Rc2 Rb1 38.Ke3 Bb2 39.Bd3 Ba3 40.Ne2 Bc5+ 41.Kf3 Rd1 42.Nc1 Ba3  0-1